| 000 | 01472cam a2200205 4500500 | ||
|---|---|---|---|
| 005 | 20251228065621.0 | ||
| 041 | _afre | ||
| 042 | _adc | ||
| 100 | 1 | 0 |
_aLego, Gaëlle _eauthor |
| 245 | 0 | 0 | _aLes épidémies sont-elles le prétexte à la mise en place d’un contrôle numérique des populations ? |
| 260 | _c2022. | ||
| 500 | _a96 | ||
| 520 | _aL’irruption du Covid sur la scène mondiale a fait effraction dans nos manières de vivre et de penser en dévoilant ce qui était déjà là ; l’effondrement produit par le système économique globalisant a, depuis longtemps, phagocyté l’ordre symbolique qui contenait nos valeurs, les grands récits structurant nos collectifs et a, ainsi, révélé le réel de la vie et de la mort dans toute sa crudité. Les mesures coercitives instaurées brutalement viennent pallier ce grand désordre. Aujourd’hui, avec l’armature des nouvelles technologies et la crise sanitaire, le gouvernement donne de la légitimité à l’instauration d’une surveillance numérique inédite des populations. Le dernier rapport du Sénat va dans ce sens. | ||
| 690 | _aÉpidémie | ||
| 690 | _arapport du Sénat juin 2021 | ||
| 690 | _arupture du contrat social | ||
| 690 | _asurveillance numérique | ||
| 786 | 0 | _nVST - Vie sociale et traitements | 154 | 2 | 2022-05-04 | p. 30-36 | 0396-8669 | |
| 856 | 4 | 1 | _uhttps://shs.cairn.info/revue-vie-sociale-et-traitements-2022-2-page-30?lang=fr&redirect-ssocas=7080 |
| 999 |
_c1591928 _d1591928 |
||